| 000 | 00419nam a2200181Ia 4500 | ||
|---|---|---|---|
| 008 | 230524s9999 xx 000 0 und d | ||
| 020 | _a9780070583771 | ||
| 082 |
_a621.38 _bKOT |
||
| 100 | _aD.P.Kothari | ||
| 245 | 0 | _aElectric Machines | |
| 250 | _a3RD | ||
| 260 |
_aNEW DELHI _bTMH _c2005 |
||
| 300 | _aX;825 | ||
| 500 | _aQuantity Number: 87 | ||
| 650 | _aElectrical | ||
| 700 | _a I.J.Nagrath | ||
| 942 | _cBK | ||
| 999 |
_c33568 _d33568 |
||